000 00885cam a2200301 a 4500
005 20260322212034.0
008 data
010 _a 2002069081
020 _a1886230501 (alk. paper)
020 _a9781886230507 (alk. paper)
040 _aDLC
_cDLC
_dDLC
050 0 0 _aBF531
_b.M35 2002
082 0 0 _a152.4
_221
092 _a152.4 M35 2002
100 1 _aMcKay, Gary D.
245 1 0 _aHow you feel is up to you :
_bthe power of emotional choice /
_cGary D. McKay & Don C. Dinkmeyer.
250 _a2nd ed.
260 _aAtascadero, Calif. :
_bImpact Publishers,
_c2002.
300 _aix, 258 p. ;
_c23 cm.
504 _aIncludes bibliographical references and index.
650 0 _aEmotions.
650 0 _aControl (Psychology)
650 0 _aChoice (Psychology)
650 0 _aChange (Psychology)
650 0 _aBehavior modification.
700 1 _aDinkmeyer, Don C.
001 data
999 _c788
_d788